Score 0/30 Timer 06:00
0 Plays Today
Movie % Correct
Han SoloStar Wars (IV-VI)
92.8%
Johnny CashWalk the Line
81.3%
Jack DawsonTitanic
78.7%
Captain Von TrappThe Sound of Music
75.2%
NeoThe Matrix
74.9%
Danny ZukoGrease
73.4%
Rhett ButlerGone with the Wind
69.9%
AragornThe Lord of the Rings
67.1%
Will TurnerPirates of the Caribbean
66%
Mr. DarcyPride & Prejudice
63.1%
Johnny CastleDirty Dancing
61.3%
WestleyThe Princess Bride
54.6%
William WallaceBraveheart
53.8%
Noah CalhounThe Notebook
52.6%
Title CharacterWALL-E
51.9%
Movie % Correct
Harry BurnsWhen Harry Met Sally
45.5%
Title CharacterRocky
36.3%
Prince AkeemComing to America
34.2%
Jamal K. MalikSlumdog Millionaire
32.9%
Rick BlaineCasablanca
30.8%
Edward LewisPretty Woman
27%
Ennis Del MarBrokeback Mountain
26.9%
Robbie HartThe Wedding Singer
26.1%
Jake RyanSixteen Candles
24.2%
Robert PhilipEnchanted
23.6%
Sam WheatGhost
19.8%
Crash DavisBull Durham
16.3%
Alvy SingerAnnie Hall
15.8%
Sam BaldwinSleepless in Seattle
13.2%
Andy Stitzer40 Year Old Virgin
5.1%
Remove Ads.
Support Sporcle.
Get the best of Sporcle when you Go Orange. This ad-free experience offers more features, more stats, and more fun while also helping to support Sporcle. Thank you for becoming a member.

You're not logged in!

Compare scores with friends on all Sporcle quizzes.
OR
Log In

Sporcle TV

Today on Sporcle TV


Watch our educational content, quiz creation guides, and fun videos on Sporcle TV.

Show Comments

Extras

Top Quizzes Today


Score Distribution

Paid Content

Your Account Isn't Verified!

In order to create a playlist on Sporcle, you need to verify the email address you used during registration. Go to your Sporcle Settings to finish the process.

Report this User

Report this user for behavior that violates our Community Guidelines.

Details: